ՀՀ Գիտությունների ազգային ակադեմիայի հիմնարար գիտական գրադարան  =   Fundamental Scientific Library of NAS RA

Սանձված ջրեր : (Record no. 146468)

MARC details
000 -LEADER
fixed length control field 00959nam a2200217 u 4500
001 - CONTROL NUMBER
control field 000384390
003 - CONTROL NUMBER IDENTIFIER
control field AM-YeHGA
005 - DATE AND TIME OF LATEST TRANSACTION
control field 20250618072323.0
008 - FIXED-LENGTH DATA ELEMENTS--GENERAL INFORMATION
fixed length control field 041118s1984 ai r 000 0 arm d
040 ## - CATALOGING SOURCE
Original cataloging agency AM-YeHGA
041 0# - LANGUAGE CODE
Language code of text/sound track or separate title arm
090 ## - LOCALLY ASSIGNED LC-TYPE CALL NUMBER (OCLC); LOCAL CALL NUMBER (RLIN)
-- 147855
100 1# - MAIN ENTRY--PERSONAL NAME
Personal name Թադևոսյան, Հրայր Թևոսի
245 10 - TITLE STATEMENT
Title Սանձված ջրեր :
Remainder of title Կապույտ լճերի երկիրը : Դպր. բարձր տարիքի համար /
Statement of responsibility, etc. Հ.Թ. Թադևոսյան; Գրախոս.՝ Խ.Է. Սաֆարյան; Խմբ.՝ Լ.Գ. Սարգսյան; Նկ.՝ Վ.Ո. Հովակիմյան.
260 ## - PUBLICATION, DISTRIBUTION, ETC.
Place of publication, distribution, etc. Երևան :
Name of publisher, distributor, etc. Լույս,
Date of publication, distribution, etc. 1984.
300 ## - PHYSICAL DESCRIPTION
Extent 62 էջ :
Other physical details նկ. ;
Dimensions 17 սմ.
650 14 - SUBJECT ADDED ENTRY--TOPICAL TERM
Topical term or geographic name entry element Ջրատնտեսական կառույցներ
Geographic subdivision Հայաստան
700 1# - ADDED ENTRY--PERSONAL NAME
Personal name Սաֆարյան, Խաչիկ Էլոյի,
Dates associated with a name 1932-2001
9 (RLIN) 1759
700 1# - ADDED ENTRY--PERSONAL NAME
Personal name Սարգսյան, Լ.Գ.
Relator term խմբ.
Relationship edt
700 1# - ADDED ENTRY--PERSONAL NAME
Personal name Հովակիմյան, Վաղինակ Ոսկանի
Relator term նկ.
Relationship art
Holdings
Withdrawn status Lost status Damaged status Not for loan Collection Home library Current library Date acquired Total checkouts Full call number Barcode Date last seen Price effective from Koha item type Public note
        General Fundamental Scientific Library Fundamental Scientific Library 22/12/2016   AI/17458 FL0059477 22/12/2016 22/12/2016 Գրքեր / Books 30 Days Loan


ՀՀ ԳԱԱ հիմնարար գիտական գրադարան
ՀՀ,Երևան 0019
Մարշալ Բաղրամյան 24/6
հեռախոս:(374-10) 52-47-50
Հետադարձ կապ

All site content, except where otherwise noted, is licensed under a
Creative Commons License